History Quiz

Random History or Nintendo Quiz

Famous Airplanes in History Quiz Stats

 Plays Quiz not verified by Sporcle

Also try: Ancient Wonders
Challenge
Share
Tweet
Embed
Score 0/20 Timer 04:00
0 Plays Today
Famous for Airplane % Correct
First powered aircraft (1903)Wright Flyer (Flyer I)
79.3%
First non-stop solo flight from New York to Paris (1927)Spirit of St. Louis
73.1%
First aircraft to drop an atomic weapon in combat (1945)Enola Gay
61.1%
Largest wingspan of any aircraft in history (1947)H-4 Hercules
47.7%
First U.S. Army Air Force bomber to complete 25 combat missions (1942-1943)Memphis Belle
24.8%
First privately funded vehicle ot reach space (2004)SpaceShipOne
20.2%
Second (and, to date, last) aircraft to drop an atomic weapon in combat (1945)Bockscar
18.3%
First aircraft to fly around the world without stopping or refueling (1987)Rutan Voyager
17.7%
First aircraft to exceed the speed of sound in controlled, level flight (1947)Glamorous Glennis
15.7%
First solo flight around the world (1933)Winnie Mae
6.2%
Famous for Airplane % Correct
Flown by America's top scoring ace of WWII (1942-1944)Marge
5.2%
First human powered aircraft to cross the English Channel (1979)Gossamer Albatross
4.9%
One of the first two aircraft to fly around the world (1924)Chicago
3%
First trans-Pacific flight from from the U.S. To Australia (1928)Southern Cross
2.2%
One of the first two aircraft to fly around the world (1924)New Orleans
1.7%
Smallest piloted aircraft (by dimensions) ever flown (1984)Bumble Bee II
1.7%
Flow by the highest scoring ace in the history of aerial warfare (1942-1945)Karaya 1
1.4%
First aircraft to fly nonstop around the world (1949)Lucky Lady II
1.4%
First airplane to fly to the North Pole (1926) (Generally credited)Josephine Ford
1.3%
First aircraft to transport a sitting U.S. President (1943)Dixie Clipper
1.2%

You're not logged in!

Compare scores with friends on all Sporcle quizzes.
Join for Free
OR
Log In

You Might Also Like...

Show Comments

Extras

Top Quizzes Today


Score Distribution

Your Account Isn't Verified!

In order to create a playlist on Sporcle, you need to verify the email address you used during registration. Go to your Sporcle Settings to finish the process.

Report this User

Report this user for behavior that violates our Community Guidelines.

Details: